5HLuxD.jpg

KING HENRY VIII SENIOR AND PRIMARY SCHOOL LIBRARY OPAC

Shadowcaster : (Record no. 610)

000 -LEADER
fixed length control field 02772cam a2200481 i 4500
001 - CONTROL NUMBER
control field 19076244
003 - CONTROL NUMBER IDENTIFIER
control field OSt
005 - DATE AND TIME OF LATEST TRANSACTION
control field 20200312123834.0
008 - FIXED-LENGTH DATA ELEMENTS--GENERAL INFORMATION
fixed length control field 160414s2017 nyub d 000 1 eng d
010 ## - LIBRARY OF CONGRESS CONTROL NUMBER
LC control number 2016938979
020 ## - INTERNATIONAL STANDARD BOOK NUMBER
International Standard Book Number 9780062662910
035 ## - SYSTEM CONTROL NUMBER
System control number (OCoLC)ocn979418780
040 ## - CATALOGING SOURCE
Original cataloging agency VPW
Language of cataloging eng
Transcribing agency VPW
Description conventions rda
Modifying agency FOLLT
-- GO3
-- TOH
-- IG$
-- PCX
-- OY2
-- PFLCL
-- BTCTA
-- BDX
-- YDXCP
-- TXHUT
-- OCLCF
-- AUIRC
-- EHH
-- IGA
-- TUL
-- DLC
042 ## - AUTHENTICATION CODE
Authentication code lccopycat
082 ## - DEWEY DECIMAL CLASSIFICATION NUMBER
Classification number FIC CHI
100 1# - MAIN ENTRY--PERSONAL NAME
Personal name Chima, Cinda Williams,
Relator term author.
245 10 - TITLE STATEMENT
Title Shadowcaster :
Remainder of title a shattered realms novel /
Statement of responsibility, etc. Cinda Williams Chima.
246 3# - VARYING FORM OF TITLE
Title proper/short title Shadow caster
250 ## - EDITION STATEMENT
Edition statement International edition.
264 #1 - PRODUCTION, PUBLICATION, DISTRIBUTION, MANUFACTURE, AND COPYRIGHT NOTICE
Place of production, publication, distribution, manufacture New York, NY :
Name of producer, publisher, distributor, manufacturer HarperTeen, an imprint of HarperCollinsPublishers,
Date of production, publication, distribution, manufacture, or copyright notice [2017]
300 ## - PHYSICAL DESCRIPTION
Extent 551 pages :
Other physical details maps ;
Dimensions 22 cm.
336 ## - CONTENT TYPE
Content type term text
Content type code txt
Source rdacontent
337 ## - MEDIA TYPE
Media type term unmediated
Media type code n
Source rdamedia
338 ## - CARRIER TYPE
Carrier type term volume
Carrier type code nc
Source rdacarrier
440 ## - SERIES STATEMENT/ADDED ENTRY--TITLE
Title Shattered realms novel ;
Number of part/section of a work book 2.
500 ## - GENERAL NOTE
General note Sequel to: Flamecaster.
500 ## - GENERAL NOTE
General note Sequel: Stormcaster.
520 ## - SUMMARY, ETC.
Summary, etc. From New York Times bestselling author Cinda Williams Chima, this is a thrilling story of the unfathomable costs of war, the allure of dark magic, and two principled and conflicted characters drawn together despite everything they stand to lose. Alyssa ana'Raisa, the reluctant princess heir to the Gray Wolf throne of the Fells, feels more comfortable striking with a sword than maneuvering at court. After a brush with death, Lyss goes on the offensive, meaning to end the war that has raged her whole life. If her gamble doesn't pay off, she could lose her queendom before she even ascends to the throne. Across enemy lines in Arden, young rising star Captain Halston Matelon is being sent on ever more dangerous assignments. Between the terrifying rumors of witches and wolfish warriors to the north and his cruel king at home, Hal is caught in an impossible game of life and death. Lyss and Hal's intricately linked fates become inseparable when they fall under the shadow of a new enemy--a force that threatens to extinguish the last rays of hope in the Shattered Realms.
650 #0 - SUBJECT ADDED ENTRY--TOPICAL TERM
Topical term or geographic name entry element Revenge
Form subdivision Juvenile fiction.
650 #0 - SUBJECT ADDED ENTRY--TOPICAL TERM
Topical term or geographic name entry element Magic
Form subdivision Juvenile fiction.
650 #0 - SUBJECT ADDED ENTRY--TOPICAL TERM
Topical term or geographic name entry element Princesses
Form subdivision Juvenile fiction.
650 #1 - SUBJECT ADDED ENTRY--TOPICAL TERM
Topical term or geographic name entry element Revenge
Form subdivision Fiction.
650 #1 - SUBJECT ADDED ENTRY--TOPICAL TERM
Topical term or geographic name entry element Magic
Form subdivision Fiction
650 #1 - SUBJECT ADDED ENTRY--TOPICAL TERM
Topical term or geographic name entry element Princesses
Form subdivision Fiction.
650 #1 - SUBJECT ADDED ENTRY--TOPICAL TERM
Topical term or geographic name entry element Fantasy.
650 #1 - SUBJECT ADDED ENTRY--TOPICAL TERM
Topical term or geographic name entry element Science fiction.
655 #0 - INDEX TERM--GENRE/FORM
Genre/form data or focus term Young adult fiction.
655 #4 - INDEX TERM--GENRE/FORM
Genre/form data or focus term War fiction.
655 #4 - INDEX TERM--GENRE/FORM
Genre/form data or focus term Young adult fiction.
906 ## - LOCAL DATA ELEMENT F, LDF (RLIN)
a 7
b cbc
c copycat
d 2
e ncip
f 20
g y-gencatlg
942 ## - ADDED ENTRY ELEMENTS (KOHA)
Source of classification or shelving scheme
Koha item type Books - Fiction
Holdings
Withdrawn status Lost status Source of classification or shelving scheme Damaged status Not for loan Collection code Permanent Location Current Location Shelving location Date acquired Total Checkouts Full call number Barcode Date last seen Date last checked out Price effective from Koha item type
          Fiction KH8 Senior School Library KH8 Senior School Library Fiction 2019-09-04 4 FIC CHI 3KHSL000101306 2024-07-16 2022-10-12 2019-09-04 Books - Fiction

Powered By KH8 IT Dept